Pale rider : (Record no. 492)
[ view plain ]
| 000 -LEADER | |
|---|---|
| fixed length control field | 00644nam a22002057a 4500 |
| 003 - CONTROL NUMBER IDENTIFIER | |
| control field | OSt |
| 005 - DATE AND TIME OF LATEST TRANSACTION | |
| control field | 20230706085019.0 |
| 008 - FIXED-LENGTH DATA ELEMENTS--GENERAL INFORMATION | |
| fixed length control field | 230706b |||||||| |||| 00| 0 eng d |
| 020 ## - INTERNATIONAL STANDARD BOOK NUMBER | |
| International Standard Book Number | 9781784702403 |
| 040 ## - CATALOGING SOURCE | |
| Transcribing agency | NIRUC |
| Modifying agency | NIRUC |
| 050 ## - LIBRARY OF CONGRESS CALL NUMBER | |
| Classification number | RC150.4 |
| Item number | .S65 2017 |
| 100 ## - MAIN ENTRY--PERSONAL NAME | |
| Personal name | Spinney, Laura, |
| Relator term | author. |
| 245 ## - TITLE STATEMENT | |
| Title | Pale rider : |
| Remainder of title | the Spanish Flu of 1918 and how it changed the world / Laura Spinney. |
| 300 ## - PHYSICAL DESCRIPTION | |
| Extent | viii, 332 p.: |
| Other physical details | ill. |
| Dimensions | 24 cm. |
| 650 ## - SUBJECT ADDED ENTRY--TOPICAL TERM | |
| Topical term or geographic name entry element | Influenza Epidemic. |
| Geographic subdivision | 1918-1919. |
| 650 ## - SUBJECT ADDED ENTRY--TOPICAL TERM | |
| Topical term or geographic name entry element | Influenza |
| General subdivision | History |
| Geographic subdivision | 20th century. |
| 650 ## - SUBJECT ADDED ENTRY--TOPICAL TERM | |
| Topical term or geographic name entry element | Communicable diseases |
| General subdivision | History. |
| 650 ## - SUBJECT ADDED ENTRY--TOPICAL TERM | |
| Topical term or geographic name entry element | Epidemiology. |
| General subdivision | History. |
| 942 ## - ADDED ENTRY ELEMENTS (KOHA) | |
| Source of classification or shelving scheme | Library of Congress Classification |
| Koha item type | Books |
| Suppress in OPAC | No |
| Withdrawn status | Lost status | Source of classification or shelving scheme | Damaged status | Not for loan | Collection | Home library | Current library | Shelving location | Date acquired | Total checkouts | Full call number | Barcode | Date last seen | Price effective from | Koha item type |
|---|---|---|---|---|---|---|---|---|---|---|---|---|---|---|---|
| Library of Congress Classification | Non-fiction | NIRU LIBRARY | NIRU LIBRARY | On display | 07/06/2023 | RC150.4. S65 | 2023-1209 | 07/06/2023 | 07/06/2023 | Books | |||||
| Library of Congress Classification | Non-fiction | NIRU LIBRARY | NIRU LIBRARY | On display | 07/06/2023 | RC150.4. S65 | 2023-1210 | 07/06/2023 | 07/06/2023 | Books |
